Anatomy of the dicotyledons: Leaves stem and wood in relation to taxonomy with notes on economic uses. V 1. (Record no. 21135)

MARC details
000 -LEADER
fixed length control field 00419nam a2200133Ia 4500
082 ## - DEWEY DECIMAL CLASSIFICATION NUMBER
Classification number 582.61:581.4
Item number MET.1
100 ## - MAIN ENTRY--AUTHOR NAME
Personal name CHALK, L, C R
245 #0 - TITLE STATEMENT
Title Anatomy of the dicotyledons: Leaves stem and wood in relation to taxonomy with notes on economic uses. V 1.
260 ## - PUBLICATION, DISTRIBUTION, ETC. (IMPRINT)
Place of publication Oxford
Name of publisher Clarendon
Year of publication 1965
650 ## - SUBJECT ADDED ENTRY--TOPICAL TERM
Topical Term Dicotyledon anatomy
700 ## - ADDED ENTRY--PERSONAL NAME
Personal name METCALFE
942 ## - ADDED ENTRY ELEMENTS (KOHA)
Koha item type Books
Holdings
Withdrawn status Lost status Damaged status Not for loan Home library Current library Date acquired Full call number Accession Number Koha item type
        RRII Library RRII Library 16/12/2021 582.61:581.4 MET.1 01855 Books